Sanat - "Aamulla varhain" - Suomalainen kansanlaulu - Statistics

Yleistilastot
  • Tätä visaa on pelattu 17 kertaa
  • Keskiarvotulos 54 / 114
Vastaustilastot
Vastaus % Oikein
Aamulla
100%
varhain
100%
kun
82%
heräsin
73%
minä
73%
niin
73%
oli
73%
sinä
73%
aurinko
64%
kultani
64%
mun
64%
nousi
64%
raskas
64%
surusta
64%
sydämeni
64%
unestani
64%
hyljäsit
55%
55%
ja
45%
45%
miksi
45%
Miksi
45%
on
45%
Enkä
36%
et
36%
nyt
36%
tähden
36%
toisen
36%
äänesi
27%
hellä
27%
kaiken
27%
kaunis
27%
lainkaan
27%
loppua
27%
monista
27%
murheista
27%
mutta
27%
nähdä
27%
noihin
27%
ollut
27%
pitkä
27%
sai
27%
sain
27%
silmiisi
27%
sinisiin
27%
tahtonut
27%
tie
27%
uneni
27%
uskoa
27%
27%
annoin
18%
huolinutkaan
18%
riemuiten
18%
sieluni
18%
sitä
18%
sulle
18%
uudestaan
18%
lupauksin
9%
Ehtoja vastaavia visoja ei löytynyt
Tulosjakauma
Jokaisen tuloksen saaneiden osuus
Persentiili vastausten määrän mukaan
Tuloshistoriasi
Et ole pelannut tätä visaa